Missing Word: Octopus II Quiz Stats

Quiz Updated Jul 14, 2016

Challenge
Share
Tweet
Embed
Score 0/40 Timer 03:00
2 Plays Today
Missing Word % Correct
Winnie
98.1%
Bells
97.9%
King
97.6%
Mother
97.3%
Tom
97.3%
Half
97.2%
Theory
97%
Phantom
97%
Lady
96.7%
Deck
95.2%
Frosty
94.2%
South
94.2%
Butthead
94.1%
Winter
92.5%
Hound
91%
Misérables
88.3%
Come
88.2%
Hill
87.4%
Terrier
85.9%
Jude
85.4%
Missing Word % Correct
Ghost
80.7%
Wife
79.4%
San
77.2%
Leone
69.9%
Dominican
65.7%
Islands
59.8%
Baby
58.4%
Pacific
57.6%
Annie
55.7%
Chow
54.6%
Shih
45.2%
Water
44.9%
Zealand
42.5%
Barcelona
41.6%
Sisters
40.5%
Life
36.2%
Octopus's
32.6%
Point
28.9%
Misdemeanors
22.2%
Dig
9.8%

Today's Daily Dose

You're not logged in!

Compare scores with friends on all Sporcle quizzes.
Sign Up with Email
OR
Log In

You Might Also Like...

Show Comments

Extras

Top Quizzes Today


Score Distribution

Your Account Isn't Verified!

In order to create a playlist on Sporcle, you need to verify the email address you used during registration. Go to your Sporcle Settings to finish the process.